The BTS Quiz! - Statistics

General Stats
  • This quiz has been taken 1,275 times
  • The average score is 5 of 10
Answer Stats
Hint Answer % Correct
What is the name of BTS' official lightstick? ARMY Bomb
79%
Which member has one monolid and one doublelid? V
75%
What is Jimin often teased for? Being small
71%
Who is the only member left from the original lineup? RM
64%
Ayo, _____ introduces Hit It, the second audition! Hitman Bang
57%
When was Jimin born? October 13th, 1995
55%
Where was J-Hope born? Gwangju
37%
As of December 3rd 2017, what is BTS' most viewed MV? Fire
31%
What nickname was Jin given after the 2017 BBMAs? 3rd Guy From The Left
15%
What is the name of Jungkook's older brother? Junghyun
14%
No matching quizzes found
Score Distribution
Percent of People with Each Score
Percentile by Number Answered
Your Score History
You have not taken this quiz